Průmyslový design odborný časopis pro celostátní rozvoj průmyslového designu

Salvato in:
Dettagli Bibliografici
Natura: Periodico
Lingua:ceco
Pubblicazione: Praha Státní nakladatelství technické literatury
Tags: Aggiungi Tag
Nessun Tag, puoi essere il primo ad aggiungerne!!

MARC

LEADER 00000nas1a22000001 4500
001 s120576
005 20041019155346.1
041 0 |a cze 
044 |a CZ 
245 1 0 |a Průmyslový design  |b odborný časopis pro celostátní rozvoj průmyslového designu 
264 1 |a Praha  |b Státní nakladatelství technické literatury